AS Roma Squad 2023-24 - Statistics

General Stats
  • This quiz has been taken 48 times
  • The average score is 21 of 26
Answer Stats
Position Kit Number Player % Correct
CF 21 Paulo Dybala
93%
CB 23 Gianluca Mancini
90%
RB 2 Rick Karsdorp
90%
ST (on loan from Chelsea) 90 Romelu Lukaku
90%
CB (loan from Leeds) 14 Diego Llorente
88%
LB 37 Leonardo Spinazzola
88%
CAM 7 Lorenzo Pellegrini
88%
GK 1 Rui Patricio
88%
ST (on loan from Leverkusen) 17 Sardar Azmoun
88%
LW 92 Stephan El Shaarawy
88%
ST 9 Tammy Abraham
88%
CDM 4 Bryan Cristante
85%
CM (on loan from PSG) 20 Renato Sanches
85%
CM 52 Edoardo Bove
83%
RB 19 Zeki Çelik
83%
CB 6 Chris Smalling
80%
GK 99 Mile Svilar
80%
LM 59 Nicola Zalewski
80%
CB 5 Evan Ndicka
78%
CDM 16 Leandro Paredes
78%
RB 43 Rasmus Kristensen
78%
ST 11 Andrea Belotti
76%
CM 22 Houssem Aouar
73%
CB 24 Marash Kumbulla
66%
GK 63 Pietro Boer
66%
CM 60 Riccardo Pagano
59%
No matching quizzes found
Score Distribution
Percent of People with Each Score
Percentile by Number Answered
Your Score History
You have not taken this quiz